Psicología ocupacional

Saved in:
Bibliographic Details
Main Authors: Super, Donald E (Author), Bohn, Martin J (Author)
Format: Book
Language:Spanish
Published: Ciudad de México Continental 1973
Series:Serie de sociologia industrial
Subjects:
Tags: Add Tag
No Tags, Be the first to tag this record!

MARC

LEADER 00000nam a2200000 a 4500
001 UCY9655
003 CL-VaPUC
008 950717e19730800MX |||||||||||||||||spa|d
082 0 4 |a 158.7  |b SUP  |2 21 
100 0 |a Super, Donald E  |e author  |9 342137 
700 0 |a Bohn, Martin J  |e author  |9 342138 
245 1 0 |a Psicología ocupacional 
300 |a 255 p 
942 |c BK 
945 |d 19950717 00:00:00  |a lriquelm 
260 |a Ciudad de México  |b Continental  |c 1973 
650 7 |a PSICOLOGIA OCUPACIONAL  |2 CL-VaPUC  |9 334638 
650 7 |a SOCIOLOGIA OCUPACIONAL  |2 CL-VaPUC  |9 338468 
650 0 |a Vida profesional  |9 335945 
650 0 |a Psicología social   |9 222894 
650 0 |a Administración del personal  |9 260442 
583 |a last modification  |c 19950717 00:00:00  |k Rodrigo Vera 
490 0 |a Serie de sociologia industrial 
999 |c 236708  |d 236706 
952 |0 0  |1 0  |4 0  |6 158_700000000000000_SUP_1973  |7 0  |8 P  |9 244971  |a BIBEDU  |b BIBEDU  |c BIBEDU_PB  |d 2019-11-18  |i 1532871  |o 158.7 SUP 1973  |p 1532871  |r 2024-01-25  |w 2019-11-18  |y BK  |k EDU